Environmental economics in theory and practice (Record no. 1120)

MARC details
000 -LEADER
fixed length control field 00575cam a2200217ua 4500
008 - FIXED-LENGTH DATA ELEMENTS--GENERAL INFORMATION
fixed length control field 110617n ii |||gr||||Z||||||eng
020 ## - INTERNATIONAL STANDARD BOOK NUMBER
International Standard Book Number 0333-93371-0
040 ## - CATALOGING SOURCE
Transcribing agency MAIN
082 ## - DEWEY DECIMAL CLASSIFICATION NUMBER
Classification number 333.7
245 10 - TITLE STATEMENT
Title Environmental economics in theory and practice
Statement of responsibility, etc. by Nick Hanley
250 ## - EDITION STATEMENT
Edition statement 1st ed.
260 ## - PUBLICATION, DISTRIBUTION, ETC.
Place of publication, distribution, etc. New Delhi:
Name of publisher, distributor, etc. Macmillan,999.
300 ## - PHYSICAL DESCRIPTION
Extent xv, 464p.:
Other physical details ill.;
Dimensions 26cm.
700 1# - ADDED ENTRY--PERSONAL NAME
Personal name Hanley, Nick,
Relator term
700 1# - ADDED ENTRY--PERSONAL NAME
Personal name Shogren, JAson F,
Relator term
700 1# - ADDED ENTRY--PERSONAL NAME
Personal name White, Ben,
942 ## - ADDED ENTRY ELEMENTS (KOHA)
Koha item type Books
653 ## - INDEX TERM--UNCONTROLLED
Uncontrolled term Economics
653 ## - INDEX TERM--UNCONTROLLED
Uncontrolled term Environmental economics
Holdings
Withdrawn status Lost status Damaged status Not for loan Home library Current library Shelving location Date acquired Total Checkouts Full call number Barcode Date last seen Date last checked out Copy number Price effective from Koha item type
        Central Library, Naharkatiya College Central Library, Naharkatiya College   19/09/2020 1 333.7 | HAN 17475 24/08/2021 23/08/2021 2 19/09/2020 Books
        Central Library, Naharkatiya College Central Library, Naharkatiya College   19/09/2020   333.7 | HAN 2916 19/09/2020   1 19/09/2020 Books

Naharkatiya College © 2020. All rights reserved.

Powered By